| 000 | 00508nam a2200181Ia 4500 | ||
|---|---|---|---|
| 001 | 11263 | ||
| 005 | 20260306161933.0 | ||
| 008 | 260306t1981||||xx |||||||||||||| ||spa|| | ||
| 041 | _aESP | ||
| 082 |
_a985.02 _bE88 |
||
| 100 |
_aEspinoza Soriano, Waldemar _eAUT |
||
| 245 | 0 |
_aLa destrucción del imperio de los incas: _bla rivalidad política y señorial de los curacazgos andinos |
|
| 260 | _c1981 | ||
| 300 |
_a210 páginas : _c20 cm. |
||
| 650 | _aGEN | ||
| 654 | _aCHU | ||
| 942 |
_cLIB _dJUS _fJUS _2ddc _n |
||
| 999 |
_c11263 _d11263 |
||